Blade runner /

Đã lưu trong:
Chi tiết về thư mục
Tác giả chính: Vangelis (Nhà soạn nhạc)
Tác giả khác: Peoples, David (Người viết kịch bản), Ford, Harrison (Diễn viên), Hauer, Rutger (Diễn viên), Young, Sean (Diễn viên), Olmos, Edward James (Diễn viên), Fancher, Hampton (Người viết kịch bản), Scott, Ridley (Giám đốc)
Định dạng: Slide
Ngôn ngữ:Tiếng Italy
Được phát hành: [Italia] : Warner Home Video, [1988]
Loạt:Gli scudi
Các nhãn: Thêm thẻ
Không có thẻ, Là người đầu tiên thẻ bản ghi này!

MARC

LEADER 00000ngm a22000007i 4500
001 IT\ICCU\RAV\0243159
003 ItRI
005 20260124182848.0
008 941007s1988 it |||||||||||||||k|||||c
028 4 2 |a PIV70008 
040 |b ita 
041 7 |a ita  |2 ISO-639-2 
082 |a 791.43615F  |9 CINEMA. TIPI DI FILM. FILM DI FANTASCIENZA  |2 20 
130 0 |a Blade runner <film ; 1982>  |3 IT\ICCU\RAV\0951375 
245 0 0 |a Blade runner /  |c directed by Ridley Scott ; screenplay by Hampton Fancher and David Peoples ; original music by Vangelis. 
260 |a [Italia] :  |b Warner Home Video,  |c [1988] 
300 |a 1 videocassetta (VHS) (ca. 111 min.) :  |b col. (PAL), son. (Dolby Stereo) 
500 |a Interpreti: Harrison Ford, Rutger Hauer, Sean Young, Edward James Olmos 
500 |a Produttori: Michael Deeley, Brian Kelly 
500 |a Ripr. del film del 1982, prod. USA 
500 |a Doppiato in italiano 
500 |a NE: VHS PIV 70008. 
700 1 |a Peoples, David  |0 IT\ICCU\RAVV\088656  |4 sce 
700 0 |a Vangelis  |0 IT\ICCU\RAVV\088657  |4 cmp 
700 1 |a Ford, Harrison  |0 IT\ICCU\RAVV\088658  |4 act 
700 1 |a Hauer, Rutger  |0 IT\ICCU\RAVV\088659  |4 act 
700 1 |a Young, Sean  |0 IT\ICCU\RAVV\088661  |4 act 
700 1 |a Olmos, Edward James  |0 IT\ICCU\RAVV\088663  |4 act 
700 1 |a Fancher, Hampton  |0 IT\ICCU\RAVV\098461  |4 sce 
700 1 |a Scott, Ridley  |0 IT\ICCU\TO0V\074955  |4 drt 
790 1 |a Papathanassiou, Vangelis  |3 IT\ICCU\CFIV\356341  |z Vangelis 
790 1 |a Papathanassiou, Evangelos Odysseas  |3 IT\ICCU\UBOV\547638  |z Vangelis 
830 4 |a Gli scudi  |0 IT\ICCU\UFI\0113162 
942 |2 ddc  |c VM  |n 0 
952 |0 0  |1 0  |4 0  |6 VO_828_000000000000000  |7 0  |9 27179  |a BO  |b BO  |d 2026-01-24  |i 7790  |l 0  |o VO 828  |p BO7790  |r 2026-01-24 18:28:48  |w 2026-01-24  |x [Sebina 5] [1 videocassetta]  |y VM  |z 1 videocassetta 
999 |c 23009  |d 23009